zpět

Detail výsledku týmu

Třiadvacítka, Mělník

Datum a čas kvízu

20.5 Celkem bodů Celkový počet nahraných bodů na tomto kvízu bez doplňovacích otázek.
4. Pořadí na kvízu Konečné umístění týmu na tomto kvízu.

Zaznamenané odpovědi

# Otázka Odpověď Body Výsledky
1. Jaká byla účast v prvním kole... C 0
2. V jednom státě nedlouho po pre... Brazílie 1
3. Dva letošní Zlaté globy – za n... Steven Spielberg, Fabelmanovi 1
4. Jak se jmenuje knižní bestsell... Náhradník (Spare) 0
5. Jedna česká sportovní legenda... Kateřina Neumannová 1
6. V tomto tématu se budeme věnov... imploze 0
7. Výbuchy lze rozdělit na několi... Pompeje, Herculaneum 0.5
8. Na obrázku vidíte výbuch vzduc... 1937 (1935-6, 1938-9 za půl bodu) 0.5
9. Jedním z nejznámějších výbuchů... 3,6 R/h 0
10. Poznáte podle ukázky film z ro... Saturnin 0